|
|
|
แสดงรายละเอียดบรรณานุกรม |
|
|
Brief Record
: Get Marc (ISO 2709)
: E-mail record
: |
| LEADER 00000nam 2200000uu 4500 | |||
| 001 17635 | |||
| 003 ULIBM | |||
| 008 020711s2544 th a 000 0 tha d | |||
| 020 LOOKING GOOD คู่มือการดูแลบุคลิกภาพสำหรับผู้หญิงโดยเฉพาะ | |||
| 060 WP25 | |||
| 245 ภัทรียา ณ นคร | |||
| 260 กรุงเทพฯ :^bบริษัท ฟิวเจอร์ พับบลิชชิ่ง จำกัด,^c2544 | |||
| 300 208 หน้า | |||
| คุณยังไม่ได้ล็อกอิน คุณสามารถมีกิจกรรมร่วมกับเว็บไซต์ได้ แต่ต้องล็อกอินก่อน :: |
|
| สถานะ | |||||||||
| 1. | หนังสือ | WP25 2544 Barcode: 0002989 | On Shelf | ||||||
| [แสดง 1/1 รายการ] | |||||||||
BibComment |
| คอมเมนท์ทรัพยากรรายการนี้ |
|
|